Normal view
MARC view
- KENNEDY, CLIFFORD W,ANDREWS, DONALD E
Entry Personal Name
001 - CONTROL NUMBER
- control field: 79335
003 - CONTROL NUMBER IDENTIFIER
- control field: NUST
005 - DATE AND TIME OF LATEST TRANSACTION
- control field: 20210628210423.0
008 - FIXED-LENGTH DATA ELEMENTS
- fixed length control field: 210628|| aca||aabn | a|a d
040 ## - CATALOGING SOURCE
- Original cataloging agency: NUST
- Transcribing agency: NUST
100 ## - HEADING--PERSONAL NAME
- Personal name: KENNEDY, CLIFFORD W,ANDREWS, DONALD E
670 ## - SOURCE DATA FOUND
- Source citation: Work cat.: (NUST): KENNEDY, CLIFFORD W,ANDREWS, DONALD E, INSPECTION AND GAGING A TRAINING MANUAL AND REFERENCE WORK THAT DISCUSES THE PLACE OF INSPECTION IN INDUSTRY, 1967
